000 00978nam a2200265Ia 4500
003 OSt
005 20221005103705.0
006 a|||||r|||| 00| 0
007 ta
008 221004b |||||||| |||| 00| 0 san d
020 _a9788183903288 (hbk)
_cINR 1000.00
024 _a66388
037 _b343, 07/03/2020, Eastern Book Linkers
_cTextual
040 _aCRL
_cCRL
_bsan
041 _2san
_asan
082 _aQ1:g, 152R0
100 _aसिंह, विनय कुमार, ले.
245 0 _aवैदिक साहित्य एवं संस्कृत
246 _aVaidik sāhitya evan sanskṛuta
260 _aदिल्ली
_bअभिषेक प्रकाशन भारत
_c2020
300 _a240पृ0
_ccm.
650 _aवैदिक धर्म
942 _hQ1:g, 152R0
_cTEXL
_2cc
999 _c1010632
_d1010632